| 000 | 00471nam a2200217Ia 4500 | ||
|---|---|---|---|
| 003 | IT-RoPAU | ||
| 008 | 120407s9999 xx 000 0 und d | ||
| 040 | _aIT-RoPAU | ||
| 040 | _cIT-RoPAU | ||
| 041 | _aeng | ||
| 100 | _aGeorge Devine | ||
| 245 | _aLiturgical Renewal an agonizing reappraisal | ||
| 250 | _aStaten Island, NY | ||
| 260 | _aAlba House | ||
| 260 | _c1973 | ||
| 300 | _a199 p. | ||
| 300 | _c21 cm | ||
| 490 | _v1 | ||
| 942 | _cBK | ||
| 999 |
_c28278 _d28278 |
||